Pharmaceutical and food analysis ; a manual of standard methods for the analysis of oils, fats and waxes, and substances in which they exist; together with allied products /

Bibliographic Details
Main Author: Thurston, Azor, 1861-1922
Format: Book
Language:English
Published: New York : D. Van Nostrand company, 1922.
Subjects:

MARC

Tag First Indicator Second Indicator Subfields
LEADER 00000cam a2200000 4500
001 in00000044619
005 20151007075033.0
008 760724s1922 nyua b 00010 eng
010 |a  23001197  
035 |a (OCoLC)02330077 
035 |9 AAF2532AM 
040 |a DLC  |c TOL  |d TXA  |d UtOrBLW 
049 |a TXAM  |c [128280] 
050 0 0 |a RS421  |b .T55 
092 |a 615.1  |b T544p 
100 1 |a Thurston, Azor,  |d 1861-1922. 
245 1 0 |a Pharmaceutical and food analysis ;  |b a manual of standard methods for the analysis of oils, fats and waxes, and substances in which they exist; together with allied products /  |c by Azor Thurston ... 
264 1 |a New York :  |b D. Van Nostrand company,  |c 1922. 
300 |a xiii, 416 pages :  |b including illustrations, tables. ;  |c 24 cm. 
336 |a text  |b txt  |2 rdacontent 
337 |a unmediated  |b n  |2 rdamedia 
338 |a volume  |b nc  |2 rdacarrier 
504 |a Contains bibliographies. 
650 0 |a Drug adulteration. 
650 0 |a Oils and fats. 
650 0 |a Food  |x Analysis. 
999 |a MARS 
999 f f |s 6567c65c-24bf-3250-b913-ae32b883e19f  |i 4f125eff-a6c0-337f-b197-e7143e0394ee  |t 0 
952 f f |p ric  |a Texas A&M University  |b Rellis Campus  |c Joint Library Facility  |d Remote Storage  |t 0  |e RS421 .T55  |h Library of Congress classification  |i unmediated -- volume  |m A14801030283 
998 f f |a RS421 .T55  |t 0  |l Remote Storage